| 000 | 00497nam a2200133Ia 4500 | ||
|---|---|---|---|
| 008 | 220216s9999 xx 000 0 und d | ||
| 100 | _aMathew Francis | ||
| 245 | 0 | _aClonal variability in tension wood formation in the juvenile and mature growth phases of Hevea brasiliensis | |
| 260 | _bPreprints of papers: International Natural Rubber Conference, 6-8 November 2005, Cochin, India, p.107-112. | ||
| 650 | _aClonal variability | ||
| 650 | _aTension wood | ||
| 700 | _a6aReghu C P | ||
| 942 | _cJS | ||
| 999 |
_c55737 _d55737 |
||